[Event "Titled Tue 3rd Jun Early"]
[Site "chess.com INT"]
[Date "2025.06.03"]
[Round "11"]
[White "Burmakin, Evgeniy"]
[Black "Nikulina, Alena"]
[Result "1-0"]
[WhiteTitle "FM"]
[BlackTitle "WFM"]
[WhiteElo "2110"]
[BlackElo "1875"]
[WhiteFideId "4163729"]
[BlackFideId "4172051"]
[EventDate "2025.06.03"]

1. e4 c5 2. Nf3 e6 3. d4 cxd4 4. Nxd4 Nf6 5. Nc3 Nc6 6. Nxc6 bxc6 7. e5 Nd5 8.
Ne4 Qc7 9. f4 Qb6 10. c4 Bb4+ 11. Ke2 f5 12. exf6 Nxf6 13. Be3 Qd8 14. Nd6+ Bxd6
15. Qxd6 Qe7 16. Bc5 Qxd6 17. Bxd6 Ne4 18. Be5 O-O 19. Ke3 d5 20. Bd3 Nf6 21. h3
Ba6 22. Rac1 dxc4 23. Bxc4 Bxc4 24. Rxc4 Nd5+ 25. Ke4 Rac8 26. Rhc1 g5 27. Rxc6
Rxc6 28. Rxc6 Nxf4 29. Rc7 Rf7 30. Rxf7 Kxf7 31. Bxf4 gxf4 32. Kxf4 Kf6 33. b4
e5+ 34. Ke4 Ke6 35. b5 Kd6 36. a4 h5 37. g4 hxg4 38. hxg4 Kc5 39. g5 Kb4 40. g6
Kxa4 41. g7 Kxb5 42. g8=Q 1-0

[Event "Titled Tue 3rd Jun Early"]
[Site "chess.com INT"]
[Date "2025.06.03"]
[Round "11"]
[White "Grabinsky, Vladimir"]
[Black "Gulecyuz, Deniz"]
[Result "0-1"]
[WhiteTitle "IM"]
[WhiteElo "2192"]
[BlackElo "1991"]
[WhiteFideId "14107074"]
[BlackFideId "30921341"]
[EventDate "2025.06.03"]

1. e4 c5 2. b4 cxb4 3. a3 g6 4. Bb2 f6 5. axb4 Bg7 6. h4 e6 7. h5 Nh6 8. Nf3 O-O
9. hxg6 hxg6 10. Bc4 Nc6 11. b5 Ne5 12. Bb3 Qc7 13. d3 Nhf7 14. Nbd2 b6 15. Nxe5
Nxe5 16. Nf3 Nxf3+ 17. Qxf3 Bb7 18. Qg4 Kf7 19. Rh7 Rh8 20. Rxh8 Rxh8 21. O-O-O
Qc5 22. c4 Qxf2 23. Kb1 Rh2 24. Qf3 Qxf3 25. gxf3 d6 26. d4 Ke7 27. d5 e5 28.
Bc1 Bc8 29. Bc2 Bh6 30. Bxh6 Rxh6 31. Rg1 g5 32. Bd1 a6 0-1

[Event "Titled Tue 3rd Jun Early"]
[Site "chess.com INT"]
[Date "2025.06.03"]
[Round "11"]
[White "Berikkyzy Alanna"]
[Black "Mikhalsky, Vladimir"]
[Result "1-0"]
[WhiteTitle "WFM"]
[WhiteElo "2104"]
[BlackElo "2219"]
[WhiteFideId "13780719"]
[BlackFideId "14144352"]
[EventDate "2025.06.03"]

1. e4 g6 2. d4 Bg7 3. Nc3 d6 4. Be3 a6 5. Qd2 b5 6. O-O-O Nd7 7. h4 h6 8. g4 Nb6
9. f3 b4 10. Nd5 Nxd5 11. exd5 Nf6 12. Bc4 Bb7 13. Qxb4 Bxd5 14. g5 hxg5 15.
hxg5 Rxh1 16. gxf6 Bxf6 17. Bxd5 Rb8 18. Qc4 e6 19. Bc6+ Kf8 20. f4 d5 21. Qe2
Qd6 22. Ba4 Qb4 23. Bb3 a5 24. a4 c5 25. dxc5 d4 26. Qg2 Rh4 27. Bf2 Rxf4 28.
Bg3 Qxc5 29. Bxf4 Rxb3 30. Qh2 Rb6 31. Kb1 d3 32. Bc1 Qb4 33. Rxd3 Qxa4 34. Qh6+
Bg7 35. Qe3 Qb5 36. Rb3 1-0

[Event "Titled Tue 3rd Jun Early"]
[Site "chess.com INT"]
[Date "2025.06.03"]
[Round "11"]
[White "Onur, Cigdem"]
[Black "Khandhadia, Nivaan Rathin"]
[Result "1-0"]
[WhiteTitle "WCM"]
[BlackTitle "CM"]
[WhiteElo "1966"]
[BlackElo "2112"]
[WhiteFideId "6346030"]
[BlackFideId "25753274"]
[EventDate "2025.06.03"]

1. e4 c5 2. c3 g6 3. d4 cxd4 4. cxd4 d5 5. e5 Nc6 6. Nf3 Bg4 7. Be2 Bxf3 8. Bxf3
Bg7 9. Nc3 e6 10. h4 Nh6 11. Be3 Nf5 12. h5 Nxe3 13. fxe3 Qg5 14. Qe2 a6 15.
hxg6 fxg6 16. O-O-O Bh6 17. Rhe1 Rc8 18. Kb1 Rf8 19. Na4 Qf5+ 20. e4 dxe4 21.
Bxe4 Qf4 22. Nc5 Nxd4 23. Rxd4 Rxc5 24. Bc6+ Rxc6 25. Rxf4 Rxf4 26. Rh1 Rfc4 27.
a3 Bg5 28. Rxh7 Rc1+ 29. Ka2 Rb6 30. Qd3 Re1 31. Qd7+ 1-0

[Event "Titled Tue 3rd Jun Early"]
[Site "chess.com INT"]
[Date "2025.06.03"]
[Round "11"]
[White "Paravyan, David"]
[Black "Klukin, Kirill"]
[Result "1/2-1/2"]
[WhiteTitle "GM"]
[BlackTitle "IM"]
[WhiteElo "2596"]
[BlackElo "2407"]
[WhiteFideId "4194985"]
[BlackFideId "24199273"]
[EventDate "2025.06.03"]

1. d4 e6 2. c4 f5 3. g3 Nf6 4. Bg2 c6 5. e3 d5 6. Ne2 Bd6 7. O-O O-O 8. b3 b6 9.
Bb2 Qe7 10. Nd2 Bb7 11. Nf4 a5 12. Nf3 Ne4 13. Nd3 Nd7 14. Nfe5 Bxe5 15. dxe5 c5
16. cxd5 Bxd5 17. Nf4 Bb7 18. Qc2 Rad8 19. Rfd1 Nb8 20. Qc4 Kf7 21. g4 g6 22. h3
Ng5 23. h4 Bxg2 24. hxg5 Bf3 25. Rd6 Rxd6 26. exd6 Qxd6 27. gxf5 gxf5 28. Qc3 e5
29. Nd3 Nc6 30. Nxe5+ Nxe5 31. Qxe5 Qxe5 32. Bxe5 Rd8 33. Bc7 Rg8 34. Kh2 Rxg5
35. Rg1 Rxg1 36. Kxg1 Bd5 37. Bxb6 c4 38. bxc4 Bxc4 39. Bxa5 Bxa2 40. f3 Bd5 1/2-1/2

[Event "Titled Tue 3rd Jun Early"]
[Site "chess.com INT"]
[Date "2025.06.03"]
[Round "11"]
[White "Nguyen, Ngoc Truong Son"]
[Black "Deac, Bogdan-Daniel"]
[Result "0-1"]
[WhiteTitle "GM"]
[BlackTitle "GM"]
[WhiteElo "2632"]
[BlackElo "2668"]
[WhiteFideId "12401110"]
[BlackFideId "1226380"]
[EventDate "2025.06.03"]

1. e4 e6 2. d4 d5 3. e5 c5 4. c3 Nc6 5. Nf3 Bd7 6. Na3 cxd4 7. cxd4 Qb6 8. Nc2
Rc8 9. a4 Na5 10. Nd2 Bb4 11. Nxb4 Qxb4 12. Bd3 Nc6 13. O-O Nxd4 14. Qg4 Ne7 15.
Kh1 Ng6 16. Nf3 Nc6 17. Qg3 Nce7 18. h4 h5 19. Bg5 Qg4 20. a5 Nf5 21. Bxf5 exf5
22. e6 Bxe6 23. Qd6 f4 24. Rfc1 f6 25. Rxc8+ Bxc8 26. Re1+ Kf7 27. Qxd5+ Be6 28.
Qxb7+ Bd7 29. Qd5+ Be6 30. Qb7+ Bd7 31. Qd5+ Kf8 32. Qd6+ Kg8 0-1

[Event "Titled Tue 3rd Jun Early"]
[Site "chess.com INT"]
[Date "2025.06.03"]
[Round "11"]
[White "Ristic, Nebojsa M"]
[Black "Khazhatuly, Alikhan"]
[Result "0-1"]
[WhiteTitle "IM"]
[BlackTitle "CM"]
[WhiteElo "2248"]
[BlackElo "2196"]
[WhiteFideId "900850"]
[BlackFideId "13731335"]
[EventDate "2025.06.03"]

1. d4 d5 2. Bf4 Nf6 3. e3 c5 4. Nf3 Nc6 5. Nbd2 Nh5 6. Be5 f6 7. Bg3 Nxg3 8.
hxg3 Bg4 9. c3 e5 10. dxe5 fxe5 11. Qa4 Qd7 12. Bb5 Bd6 13. e4 d4 14. Nc4 Bxf3
15. Bxc6 bxc6 16. gxf3 Bc7 17. O-O-O O-O 18. Rd3 Qe6 19. Nd2 Kh8 20. Qc4 Qe7 21.
Nb3 Bd6 22. Kb1 Rf6 23. cxd4 cxd4 24. Qxc6 Raf8 25. f4 exf4 26. Nxd4 Be5 27. Nf5
Qb4 28. Rb3 Qxb3 29. axb3 Rxc6 30. Ne7 Rh6 31. Rg1 f3 32. Rd1 Rh2 33. Rd2 Bxg3
34. Nf5 Bxf2 35. Rd3 Bb6 36. Ka2 f2 37. Ng3 Rg2 38. Nf1 Rg1 39. Rd1 g5 40. e5
Re8 41. Rd7 Rxf1 42. e6 Re1 43. Re7 Rxe7 44. b4 f1=Q 45. b5 Qc4+ 46. b3 Qc2+ 47.
Ka3 Ra1+ 48. Kb4 Qc5# 0-1

[Event "Titled Tue 3rd Jun Early"]
[Site "chess.com INT"]
[Date "2025.06.03"]
[Round "11"]
[White "Uzuner, Tufan Can"]
[Black "Laddha, Shubh Jayesh"]
[Result "1-0"]
[WhiteTitle "CM"]
[BlackTitle "FM"]
[WhiteElo "1886"]
[BlackElo "2303"]
[WhiteFideId "6300499"]
[BlackFideId "30942799"]
[EventDate "2025.06.03"]

1. d4 d5 2. Nf3 Nf6 3. e3 c5 4. c4 Nc6 5. a3 e6 6. dxc5 Bxc5 7. b4 Be7 8. Bb2
O-O 9. cxd5 exd5 10. Be2 Bg4 11. O-O a6 12. Nbd2 Rc8 13. Nd4 Bxe2 14. Qxe2 Bd6
15. Rac1 Re8 16. Nxc6 bxc6 17. Qxa6 Ng4 18. Nf3 Re6 19. Qd3 Rg6 20. Rfd1 h6 21.
h3 Qd7 22. hxg4 Qxg4 23. Ne1 Qh4 24. f4 Re8 25. Bd4 Qg3 26. Qf1 Re4 27. Qf2 Qg4
28. Rxc6 Kh7 29. Rxd6 Rxd6 30. b5 Rd8 31. b6 g5 32. Qf3 Qc8 33. fxg5 f5 34. gxf6
Rg4 35. b7 Qd7 36. Be5 Rc4 37. b8=Q Rxb8 38. Bxb8 Qf7 39. Be5 Re4 40. Bd4 Re8
41. Qf5+ Kh8 42. Nf3 Rg8 43. Kf2 h5 44. Rh1 Rg4 45. Rxh5+ Kg8 46. Qxg4+ Kf8 47.
Qc8+ Qe8 48. Rh8+ Kf7 49. Qxe8# 1-0

[Event "Titled Tue 3rd Jun Early"]
[Site "chess.com INT"]
[Date "2025.06.03"]
[Round "11"]
[White "Sarveshwaran V"]
[Black "Redor, Menandro"]
[Result "0-1"]
[WhiteTitle "CM"]
[WhiteElo "2290"]
[BlackElo "2021"]
[WhiteFideId "25699016"]
[BlackFideId "5222010"]
[EventDate "2025.06.03"]

1. e4 d5 2. exd5 Nf6 3. d3 Nxd5 4. c4 Nf6 5. Nc3 e5 6. h3 Nc6 7. Nf3 Bf5 8. Nh4
Bg6 9. Nxg6 hxg6 10. Be2 Bc5 11. Bg5 Qd7 12. Bxf6 gxf6 13. a3 O-O-O 14. Ne4 Nd4
15. Nxc5 Qc6 16. Ne4 f5 17. Ng3 Qxg2 18. Bf1 Nf3+ 19. Ke2 Nd4+ 20. Kd2 Qxf2+ 21.
Ne2 e4 22. Kc3 exd3 23. Nxd4 Qxd4+ 24. Kb3 b5 25. Rc1 Rhe8 26. Bg2 Re2 27. Rc3
bxc4+ 28. Ka4 Rxg2 29. Qf3 Rxb2 30. Qa8+ Rb8 31. Qc6 Qxc3 32. Qa6+ Rb7 33. Rb1
Qc2+ 34. Ka5 Qxb1 35. h4 Qb6+ 36. Qxb6 Rxb6 37. h5 Rd5+ 38. Ka4 Rdb5 39. h6 Rb3 0-1

[Event "Titled Tue 3rd Jun Early"]
[Site "chess.com INT"]
[Date "2025.06.03"]
[Round "11"]
[White "Diaz Vasquez, Martin"]
[Black "Brenke, Andreas"]
[Result "0-1"]
[WhiteTitle "CM"]
[BlackTitle "FM"]
[WhiteElo "2266"]
[BlackElo "2349"]
[WhiteFideId "3410579"]
[BlackFideId "4602900"]
[EventDate "2025.06.03"]

1. e4 c6 2. Nf3 d5 3. exd5 cxd5 4. Ne5 Nc6 5. d4 e6 6. c3 Bd6 7. f4 Nge7 8. Bd3
O-O 9. O-O f6 10. Qh5 Nf5 11. Nf3 g6 12. Qh3 e5 13. fxe5 Nfxd4 14. Qh6 Nxf3+ 15.
Rxf3 Nxe5 16. Rg3 Qb6+ 17. Be3 Bc5 18. Bxc5 Qxc5+ 19. Kh1 Ng4 20. Qf4 Nf2+ 21.
Kg1 Nxd3+ 22. Qd4 Qxd4+ 23. cxd4 Nxb2 24. Nc3 Be6 25. Re1 Rae8 26. Nb5 Bf5 27.
Rf1 Kh8 28. Nd6 Rd8 29. Nxf5 gxf5 30. Rb3 Nc4 31. Rxb7 a5 32. Rxf5 Kg8 33. Rf3
Rf7 34. Rg3+ Kf8 35. Rb5 Re7 36. h3 Kf7 37. Rbb3 Rde8 38. Kh2 Re3 39. Rbxe3 Rxe3
40. Rg4 Re4 41. Rh4 Kg6 0-1

[Event "Titled Tue 3rd Jun Early"]
[Site "chess.com INT"]
[Date "2025.06.03"]
[Round "11"]
[White "Goryachkina, Aleksandra"]
[Black "Khamdamova, Afruza"]
[Result "0-1"]
[WhiteTitle "GM"]
[BlackTitle "WIM"]
[WhiteElo "2544"]
[BlackElo "2344"]
[WhiteFideId "4147103"]
[BlackFideId "14210444"]
[EventDate "2025.06.03"]

1. d4 d5 2. c4 e6 3. Nf3 Nf6 4. Nc3 Be7 5. Bf4 O-O 6. e3 b6 7. Bd3 dxc4 8. Bxc4
Ba6 9. Be2 Qc8 10. O-O Qb7 11. a3 Bxe2 12. Qxe2 c5 13. dxc5 Bxc5 14. Rac1 Nc6
15. Ne5 Nxe5 16. Bxe5 Nd7 17. Bg3 Rfc8 18. Rfd1 Bf8 19. h3 a6 20. Qg4 Nc5 21.
Be5 b5 22. h4 Nb3 23. Rb1 Rc4 24. Qg3 Nc5 25. h5 Ne4 26. Nxe4 Qxe4 27. h6 Qg6
28. Qxg6 hxg6 29. hxg7 Bxg7 30. Bxg7 Kxg7 31. Rd6 a5 32. Rb6 b4 33. axb4 Rxb4
34. Rxb4 axb4 35. Kf1 Rc8 36. Ke2 Rc2+ 37. Kf3 b3 38. g4 g5 39. Kg3 e5 40. Kf3
Kf6 41. Kg3 e4 42. f3 exf3 43. Kxf3 Ke5 44. Ra1 Rxb2 45. Ra5+ Kf6 46. Rb5 Rb1
47. Rb6+ Ke7 48. Ke4 b2 49. Ke5 f6+ 50. Ke4 Kf7 51. Rb7+ Kg6 52. Rb6 Kf7 53.
Rb7+ Ke6 54. Rb6+ Kd7 55. Rb8 Kc6 56. Rc8+ Kb5 57. Rb8+ Kc4 58. Rc8+ Kb3 59.
Rb8+ Kc2 60. Rc8+ Kd2 61. Rd8+ Ke2 62. Rb8 Kf2 63. Rb6 Kg3 0-1

[Event "Titled Tue 3rd Jun Early"]
[Site "chess.com INT"]
[Date "2025.06.03"]
[Round "11"]
[White "Kholyavko, Mariya"]
[Black "Luong Phuong Hanh"]
[Result "0-1"]
[WhiteTitle "WFM"]
[BlackTitle "WIM"]
[WhiteElo "2130"]
[BlackElo "2144"]
[WhiteFideId "13748505"]
[BlackFideId "12401013"]
[EventDate "2025.06.03"]

1. Nf3 Nf6 2. g3 g6 3. Bg2 Bg7 4. O-O O-O 5. Re1 d5 6. d3 c5 7. Nbd2 Nc6 8. c4
d4 9. a3 e5 10. b4 cxb4 11. axb4 Nxb4 12. Nxe5 Re8 13. Nef3 a5 14. Ba3 Bg4 15.
h3 Bf5 16. g4 Be6 17. Nb3 Nc6 18. Nc5 Bc8 19. Rb1 Qc7 20. Na4 Nd7 21. Ng5 Nb4
22. Bxb4 axb4 23. Bd5 Ne5 24. Rxb4 Qe7 25. Nb6 Qxg5 26. Nxa8 Bxg4 27. hxg4 Nxg4
28. Bg2 Qf4 29. Qc1 Qxf2+ 30. Kh1 Qh4+ 31. Kg1 Qf2+ 32. Kh1 Ne3 33. Qxe3 Rxe3
34. Rf1 Qh4+ 35. Kg1 Be5 36. Rf3 Qe1+ 37. Rf1 Qxe2 38. Rxb7 Rg3 0-1

[Event "Titled Tue 3rd Jun Early"]
[Site "chess.com INT"]
[Date "2025.06.03"]
[Round "11"]
[White "Wagner, Dennis"]
[Black "Karpenko, Anton"]
[Result "1-0"]
[WhiteTitle "GM"]
[BlackTitle "CM"]
[WhiteElo "2616"]
[BlackElo "2218"]
[WhiteFideId "24650684"]
[BlackFideId "34374353"]
[EventDate "2025.06.03"]

1. e4 c5 2. Nf3 Nc6 3. Bb5 g6 4. O-O Bg7 5. c3 Nf6 6. Re1 O-O 7. d4 d5 8. e5 Ne4
9. Be3 cxd4 10. cxd4 Qb6 11. Bxc6 Qxc6 12. Nfd2 Nxd2 13. Qxd2 Bf5 14. Nc3 Rfc8
15. h3 h5 16. Bh6 Qd7 17. Bxg7 Kxg7 18. Rac1 Rc6 19. Qf4 Rac8 20. f3 b5 21. a3
a5 22. g4 hxg4 23. hxg4 Be6 24. Kf2 Rh8 25. Rh1 Rcc8 26. Ne2 Rxc1 27. Rxc1 b4
28. axb4 axb4 29. Kg3 Qb5 30. Qe3 Rc8 31. Rh1 Rh8 32. Rxh8 Kxh8 33. Kf2 Kg7 34.
Nf4 Bc8 35. e6 f6 36. b3 Ba6 37. Qe1 g5 38. Nh5+ Kg6 39. Ng3 Qd3 40. Nf5 Qxb3
41. Qh1 Qc2+ 42. Kg3 Qc7+ 43. Kg2 1-0

[Event "Titled Tue 3rd Jun Early"]
[Site "chess.com INT"]
[Date "2025.06.03"]
[Round "11"]
[White "Sava, Robert-Gabriel"]
[Black "Iskusnyh, Sergei"]
[Result "0-1"]
[WhiteTitle "CM"]
[BlackTitle "GM"]
[WhiteElo "2155"]
[BlackElo "2440"]
[WhiteFideId "1265725"]
[BlackFideId "4120027"]
[EventDate "2025.06.03"]

1. d4 d5 2. c4 c6 3. Nf3 Nf6 4. g3 Bf5 5. Bg2 e6 6. O-O Be7 7. Nh4 Be4 8. f3
Bxb1 9. Rxb1 Nfd7 10. e4 g5 11. f4 gxh4 12. f5 exf5 13. Rxf5 dxc4 14. e5 Nf8 15.
Be3 Qd7 16. Qf3 Qe6 17. Rf1 Nbd7 18. Rxf7 O-O-O 19. gxh4 Rg8 20. Kh1 Bxh4 21.
Bh3 Qd5 22. Qxd5 cxd5 23. e6 Nxe6 24. Bxe6 Rge8 25. Bxd5 Rxe3 26. Bxc4 Kb8 27.
Rxh7 Nb6 28. Rff7 Re1+ 29. Bf1 Rxf1+ 30. Rxf1 Bg5 31. Rff7 Nc8 32. Rxb7+ Ka8 33.
Rbc7 Bf6 34. d5 Bd4 35. Rcd7 Rg8 0-1

[Event "Titled Tue 3rd Jun Early"]
[Site "chess.com INT"]
[Date "2025.06.03"]
[Round "11"]
[White "Golubovic, Erik"]
[Black "Agarwal, Amaya"]
[Result "1-0"]
[WhiteTitle "CM"]
[BlackTitle "WCM"]
[WhiteElo "2184"]
[BlackElo "2004"]
[WhiteFideId "14586908"]
[BlackFideId "48733580"]
[EventDate "2025.06.03"]

1. d4 d5 2. c4 e6 3. Nf3 Nf6 4. g3 Bb4+ 5. Bd2 Be7 6. Bg2 O-O 7. O-O Nbd7 8. Qc2
b6 9. cxd5 exd5 10. Bf4 Bd6 11. Ne5 Bb7 12. Nc3 Re8 13. Nxd7 Qxd7 14. Bxd6 cxd6
15. e3 Rac8 16. Qb3 Ba6 17. Rfc1 Bc4 18. Qd1 Qf5 19. Qf3 Qg6 20. b3 Ba6 21. Nxd5
Nxd5 22. Qxd5 h6 23. Rc6 Rxc6 24. Qxc6 Rc8 25. Qd7 Qc2 26. Qxa7 Qb2 27. Re1 Rc1
28. Qxa6 Rxe1+ 29. Bf1 Qc1 30. Qa8+ Kh7 31. Qe4+ g6 32. Qd3 Rd1 33. Qe2 Rd2 34.
Qf3 Rxa2 35. Qxf7+ Kh8 36. Kg2 Qc6+ 37. d5 Qc8 38. Qxg6 Qf8 39. Kh3 Rxf2 40. Bd3
Rf6 41. Qh7# 1-0

[Event "Titled Tue 3rd Jun Early"]
[Site "chess.com INT"]
[Date "2025.06.03"]
[Round "11"]
[White "Hrabinska, Myroslava"]
[Black "Avila, Lucas"]
[Result "0-1"]
[WhiteTitle "WGM"]
[WhiteElo "2121"]
[BlackElo "2182"]
[WhiteFideId "14109190"]
[BlackFideId "107751"]
[EventDate "2025.06.03"]

1. e4 e5 2. Nf3 Nc6 3. d4 exd4 4. c3 d5 5. exd5 Qxd5 6. cxd4 Bg4 7. Be2 Bb4+ 8.
Nc3 Bxf3 9. Bxf3 Qc4 10. Qb3 Qxb3 11. axb3 Nge7 12. O-O O-O 13. Rd1 a5 14. Nb5
Rac8 15. Bf4 Nf5 16. Bxc6 bxc6 17. Nxc7 g5 18. Be5 f6 19. Ne6 fxe5 20. Nxf8 Kxf8
21. dxe5 Ke7 22. g4 Nh4 23. Rd3 Ng6 24. Rh3 Nxe5 25. Rxh7+ Ke6 26. h3 Rd8 27.
Kg2 Rd3 28. Rc1 Rxb3 29. Rc2 c5 30. Re2 Kd5 31. Rh8 Nf3 32. Rd8+ Kc4 33. Re4+
Nd4 34. Re5 Rxb2 35. Rxg5 Be1 36. Rf8 Ne6 37. Rgf5 Nxf8 38. Rxf8 a4 39. g5 a3
40. g6 Bc3 41. Ra8 Kb3 42. h4 a2 43. h5 Rb1 44. h6 a1=Q 45. Rxa1 Rxa1 46. g7
Bxg7 47. hxg7 Ra8 48. f4 Rg8 0-1

[Event "Titled Tue 3rd Jun Early"]
[Site "chess.com INT"]
[Date "2025.06.03"]
[Round "11"]
[White "Aravindhan, Achyuth"]
[Black "Yevchenko, Oleksandr"]
[Result "0-1"]
[WhiteTitle "CM"]
[BlackTitle "CM"]
[WhiteElo "2098"]
[BlackElo "2276"]
[WhiteFideId "1084216"]
[BlackFideId "14108267"]
[EventDate "2025.06.03"]

1. Nf3 d5 2. d4 Nf6 3. g3 Bf5 4. Bg2 h6 5. O-O e6 6. b3 Be7 7. Bb2 O-O 8. c4 c5
9. dxc5 Bxc5 10. cxd5 exd5 11. Nc3 Nc6 12. Rc1 Be7 13. Nd4 Bg4 14. Qd2 Re8 15.
h3 Bh5 16. Nf5 Bb4 17. a3 Rxe2 18. Qd3 Rxb2 19. axb4 Nxb4 20. Qb5 a5 21. Qxb7
Rb8 22. Qa7 Rxb3 23. Ne7+ Kh8 24. Nexd5 Nfxd5 25. Nxd5 Nxd5 26. Rc5 Nf6 27. Rxa5
Rb1 28. Ra1 Rxa1 29. Qxa1 Rc8 30. f4 Qb6+ 31. Kh2 Qe3 32. Re1 Qf2 33. Rf1 Qd2
34. g4 Bg6 35. f5 Qd6+ 36. Kg1 Bh7 37. Rd1 Qc5+ 38. Kh2 Qc7+ 39. Kg1 Bg8 40. Kh1
Qg3 41. Rg1 Rc2 42. Qb1 Rf2 43. Qc1 Nxg4 0-1

[Event "Titled Tue 3rd Jun Early"]
[Site "chess.com INT"]
[Date "2025.06.03"]
[Round "11"]
[White "Karimova, Guldona"]
[Black "Jovic, Stanoje"]
[Result "1/2-1/2"]
[WhiteTitle "WIM"]
[BlackTitle "FM"]
[WhiteElo "2265"]
[BlackElo "2096"]
[WhiteFideId "14210410"]
[BlackFideId "905020"]
[EventDate "2025.06.03"]

1. e4 c6 2. d4 d5 3. Nd2 dxe4 4. Nxe4 Nf6 5. Nxf6+ exf6 6. Be3 Bd6 7. Bd3 O-O 8.
Ne2 Qc7 9. c4 c5 10. d5 Re8 11. Qd2 Nd7 12. Nc3 a6 13. Ne4 Be5 14. Ng3 b5 15.
O-O bxc4 16. Bxc4 g6 17. Rad1 Bd6 18. Bh6 Ne5 19. Ne4 Qd8 20. Rde1 Bf5 21. Nxd6
Qxd6 22. b3 g5 23. h3 Ng6 24. Rxe8+ Rxe8 25. Re1 Re5 26. Qa5 Rxe1+ 27. Qxe1 Ne7
28. Bxa6 Bd7 29. Qa5 Be8 30. Bc4 Nf5 31. Qa8 Qe5 32. Bb5 Nd6 33. Bxe8 Nxe8 34.
d6 Qe6 35. Qd8 Qe1+ 36. Kh2 Qe5+ 37. g3 Qe2 38. Kg2 Qe4+ 39. Kg1 Qe1+ 40. Kg2
Qe4+ 41. Kh2 Qe2 42. Kg1 Qe1+ 43. Kg2 Qe4+ 1/2-1/2

[Event "Titled Tue 3rd Jun Early"]
[Site "chess.com INT"]
[Date "2025.06.03"]
[Round "11"]
[White "Ugarte Soto, Cesar"]
[Black "Levano Loayza, Adriano Jaffet"]
[Result "1/2-1/2"]
[WhiteTitle "CM"]
[BlackTitle "CM"]
[WhiteElo "2088"]
[BlackElo "2049"]
[WhiteFideId "3601331"]
[BlackFideId "3865584"]
[EventDate "2025.06.03"]

1. d4 Nf6 2. Bg5 Ne4 3. Bf4 d5 4. Nd2 Nxd2 5. Qxd2 c5 6. e3 Nc6 7. Nf3 Bf5 8. a3
Qb6 9. c3 e6 10. Be2 Be7 11. O-O O-O 12. h3 Na5 13. b4 Nb3 14. Qb2 Nxa1 15. dxc5
Bxc5 16. Qxa1 Be7 17. c4 dxc4 18. Bxc4 Rac8 19. Be2 a5 20. Nd4 axb4 21. Nxf5
exf5 22. axb4 Qxb4 23. Rb1 Ra8 24. Qb2 Qxb2 25. Rxb2 Ra7 26. Bf3 Bc5 27. Bxb7 h6
28. h4 Be7 29. g3 g5 30. hxg5 hxg5 31. Be5 Re8 32. Bd4 Ra1+ 33. Kg2 Rc1 34. Ba6
f6 35. Bd3 f4 36. gxf4 gxf4 37. Rb7 fxe3 38. Bxe3 Rcc8 39. Bg6 Rb8 40. Ra7 Bd6
41. Bxe8 Rxe8 42. Kf3 Re7 43. Rxe7 Bxe7 44. Ke4 Kf7 45. Kf5 Bd8 46. Bc5 Bc7 47.
f3 Bd8 48. Bd6 Ba5 49. Bc5 Bc3 50. Bb6 Bb2 51. Bd8 Bc3 52. Bxf6 Bxf6 53. f4 Bc3
54. Ke4 Bd2 55. f5 Bg5 56. f6 Ke6 57. f7 Kxf7 1/2-1/2

[Event "Titled Tue 3rd Jun Early"]
[Site "chess.com INT"]
[Date "2025.06.03"]
[Round "11"]
[White "Safin Safarullakhan"]
[Black "Gutierrez Carmona, Juan Alejandro"]
[Result "1-0"]
[WhiteTitle "CM"]
[BlackTitle "FM"]
[WhiteElo "2109"]
[BlackElo "2036"]
[WhiteFideId "33379475"]
[BlackFideId "5106770"]
[EventDate "2025.06.03"]

1. e4 e5 2. Nf3 Nc6 3. Bc4 Bc5 4. d3 Nf6 5. c3 d6 6. Bb3 a6 7. Nbd2 Ba7 8. O-O
Ne7 9. h3 Ng6 10. Re1 O-O 11. Nf1 c6 12. Ng3 h6 13. d4 Qc7 14. Be3 Re8 15. Qd2
Be6 16. Rad1 exd4 17. Bxd4 Bxd4 18. cxd4 Bxb3 19. axb3 Qb6 20. e5 dxe5 21. dxe5
Nd5 22. Qc2 Ngf4 23. Nf5 Ne6 24. Re4 Ne7 25. Nd6 Rf8 26. Rg4 Rad8 27. Nh4 Kh8
28. Nhf5 Nxf5 29. Qxf5 Qxb3 30. Rd3 Qxb2 31. Nxf7+ Rxf7 32. Qxf7 Qa1+ 33. Kh2
Rxd3 34. Qe8+ Kh7 35. Qg6+ Kh8 36. Qxd3 Qxe5+ 37. g3 c5 38. Qg6 1-0

[Event "Titled Tue 3rd Jun Early"]
[Site "chess.com INT"]
[Date "2025.06.03"]
[Round "11"]
[White "Harshavardhan, G B"]
[Black "Sklokin, Sergey"]
[Result "0-1"]
[WhiteTitle "IM"]
[BlackTitle "FM"]
[WhiteElo "2441"]
[BlackElo "2311"]
[WhiteFideId "25059009"]
[BlackFideId "55730230"]
[EventDate "2025.06.03"]

1. e4 c5 2. Nf3 e6 3. b3 Nc6 4. Bb2 d5 5. Bb5 dxe4 6. Ne5 Qc7 7. Qe2 Nf6 8.
Bxc6+ bxc6 9. Na3 a5 10. Nac4 a4 11. O-O Ba6 12. Qe3 Bd6 13. h3 a3 14. Bc3 Nd5
15. Qxe4 Nxc3 16. dxc3 Bxe5 17. Nxe5 Bxf1 18. Rxf1 O-O 19. Nxc6 Rac8 20. Ne5
Rfd8 21. Nc4 Qe7 22. Re1 Qf6 23. Qe3 Qg6 24. Re2 Rd1+ 25. Kh2 Ra1 26. Rd2 Rxa2
27. Qxc5 Rf8 28. Nxa3 h6 29. c4 Qf6 30. Rd3 Ra8 31. Nb5 Rxc2 32. Rf3 Qg5 33. Qc6
Ra1 34. g4 Qe5+ 35. Kg2 Rcc1 36. Rd3 Rg1+ 37. Kf3 Rg3+ 38. fxg3 Rf1+ 39. Kg2
Qe2# 0-1

[Event "Titled Tue 3rd Jun Early"]
[Site "chess.com INT"]
[Date "2025.06.03"]
[Round "11"]
[White "Punin, Andrii"]
[Black "Gharibyan, Mamikon"]
[Result "0-1"]
[WhiteTitle "FM"]
[BlackTitle "GM"]
[WhiteElo "2289"]
[BlackElo "2472"]
[WhiteFideId "14112639"]
[BlackFideId "13308300"]
[EventDate "2025.06.03"]

1. e4 c5 2. Be2 Nc6 3. f4 e6 4. Nf3 d5 5. d3 Nf6 6. e5 Nd7 7. c3 d4 8. Nbd2 Nb6
9. c4 f5 10. exf6 gxf6 11. Nh4 f5 12. Bh5+ Kd7 13. Ndf3 Be7 14. g3 Kc7 15. a3 a5
16. Bd2 Nd7 17. Qe2 Nf6 18. Bf7 Qd6 19. Ne5 Rf8 20. O-O-O a4 21. Rhe1 Ra6 22.
Nxc6 Qxc6 23. Nxf5 Bd8 24. Qe5+ Kb6 25. Nh6 Ka7 26. Re2 b5 27. cxb5 Qxb5 28. Be1
Nd5 29. Bxe6 Rxe6 30. Qg7+ Be7 31. Rxe6 Bxe6 32. f5 Bc8 33. Ng8 Qe8 34. Nxe7
Qxe7 35. Qxe7+ Nxe7 36. g4 h5 37. h3 hxg4 38. hxg4 Rg8 39. Bh4 Nd5 40. Rg1 Bxf5
41. g5 Bxd3 42. g6 Rxg6 0-1